[Event "World Chess Olympiad 2018"]
[Site "Batumi"]
[Date "2018.09.28"]
[Round "5"]
[Board "1"]
[WhiteFideId "14918781"]
[White "Repka Christopher"]
[BlackFideId "6351921"]
[Black "Saraci Nderim"]
[Result "1-0"]
[LiveChessVersion "1.4.8"]
[BlackElo "2408"]
[WhiteElo "2523"]

1. d4 {[%clk 1:30:59]} Nf6 {[%clk 1:30:50]} 2. c4 {[%clk 1:31:26]} e6
{[%clk 1:31:14]} 3. Nc3 {[%clk 1:31:53]} Bb4 {[%clk 1:31:02]} 4. Qc2
{[%clk 1:32:06]} c5 {[%clk 1:30:24]} 5. dxc5 {[%clk 1:32:32]} O-O
{[%clk 1:30:18]} 6. Nf3 {[%clk 1:32:44]} Nc6 {[%clk 1:27:12]} 7. a3
{[%clk 1:32:07]} Bxc5 {[%clk 1:27:17]} 8. Bg5 {[%clk 1:32:32]} Nd4
{[%clk 1:11:25]} 9. Nxd4 {[%clk 1:32:56]} Bxd4 {[%clk 1:11:48]} 10. e3
{[%clk 1:33:24]} Qa5 {[%clk 1:04:54]} 11. exd4 {[%clk 1:33:38]} Qxg5
{[%clk 1:05:16]} 12. Qd2 {[%clk 1:34:06]} Qxd2+ {[%clk 1:00:48]} 13. Kxd2
{[%clk 1:34:30]} d6 {[%clk 0:43:21]} 14. Bd3 {[%clk 1:31:33]} Bd7
{[%clk 0:39:21]} 15. Rhe1 {[%clk 1:23:30]} Rfe8 {[%clk 0:32:25]} 16. b4
{[%clk 1:10:08]} e5 {[%clk 0:30:00]} 17. d5 {[%clk 1:08:09]} a5 {[%clk 0:28:11]}
18. f3 {[%clk 1:05:43]} Kf8 {[%clk 0:27:43]} 19. Reb1 {[%clk 1:01:38]} axb4
{[%clk 0:25:33]} 20. axb4 {[%clk 1:01:06]} b6 {[%clk 0:25:11]} 21. b5
{[%clk 0:57:29]} Reb8 {[%clk 0:24:30]} 22. Rxa8 {[%clk 0:47:01]} Rxa8
{[%clk 0:24:53]} 23. Rb4 {[%clk 0:47:26]} g6 {[%clk 0:15:13]} 24. Ra4
{[%clk 0:45:34]} Rb8 {[%clk 0:15:32]} 25. Ra7 {[%clk 0:39:51]} Bc8
{[%clk 0:15:06]} 26. Na2 {[%clk 0:40:17]} Rb7 {[%clk 0:07:36]} 27. Ra8
{[%clk 0:37:34]} Rc7 {[%clk 0:08:01]} 28. Nb4 {[%clk 0:38:02]} Kg7
{[%clk 0:08:21]} 29. Na6 {[%clk 0:37:02]} Bxa6 {[%clk 0:08:49]} 30. bxa6
{[%clk 0:37:27]} Nd7 {[%clk 0:09:11]} 31. Bc2 {[%clk 0:32:24]} Nc5
{[%clk 0:08:51]} 32. Kc3 {[%clk 0:25:08]} b5 {[%clk 0:05:53]} 33. a7
{[%clk 0:20:24]} b4+ {[%clk 0:03:41]} 34. Kxb4 {[%clk 0:20:27]} Rb7+
{[%clk 0:04:05]} 35. Kc3 {[%clk 0:18:27]} Kh6 {[%clk 0:03:58]} 36. h4
{[%clk 0:17:56]} f5 {[%clk 0:03:57]} 37. g4 {[%clk 0:18:04]} e4 {[%clk 0:02:37]}
38. gxf5 {[%clk 0:15:31]} exf3 {[%clk 0:02:43]} 39. fxg6 {[%clk 0:15:55]} f2
{[%clk 0:01:19]} 40. Rf8 {[%clk 0:46:11]} f1=Q {[%clk 0:30:57]} 41. Rxf1
{[%clk 0:46:33]} 1-0

[Event "World Chess Olympiad 2018"]
[Site "Batumi"]
[Date "2018.09.28"]
[Round "5"]
[Board "2"]
[WhiteFideId "937576"]
[White "Ondozi Murtez"]
[BlackFideId "14907518"]
[Black "Jurcik Marian"]
[Result "1/2-1/2"]
[LiveChessVersion "1.4.8"]
[BlackElo "2451"]
[WhiteElo "2402"]

1. d4 {[%clk 1:30:43]} d5 {[%clk 1:29:54]} 2. Nf3 {[%clk 1:30:56]} Nf6
{[%clk 1:22:58]} 3. g3 {[%clk 1:29:20]} c5 {[%clk 1:15:35]} 4. c3
{[%clk 1:28:37]} cxd4 {[%clk 1:15:33]} 5. cxd4 {[%clk 1:28:55]} Nc6
{[%clk 1:15:05]} 6. Bg2 {[%clk 1:29:16]} Bf5 {[%clk 1:14:21]} 7. O-O
{[%clk 1:29:18]} e6 {[%clk 1:13:29]} 8. Nc3 {[%clk 1:29:23]} Be7 {[%clk 1:08:16]}
9. Nh4 {[%clk 1:27:05]} Bg4 {[%clk 1:04:55]} 10. h3 {[%clk 1:24:31]} Bh5
{[%clk 1:05:23]} 11. g4 {[%clk 1:20:32]} Bg6 {[%clk 1:00:24]} 12. Nxg6
{[%clk 1:19:32]} hxg6 {[%clk 1:00:52]} 13. f4 {[%clk 1:19:42]} Rc8
{[%clk 0:56:18]} 14. e3 {[%clk 1:19:15]} Bd6 {[%clk 0:50:48]} 15. Bd2
{[%clk 1:16:01]} a6 {[%clk 0:50:11]} 16. Rc1 {[%clk 1:16:20]} b5 {[%clk 0:48:38]}
17. Qe2 {[%clk 1:14:13]} Qb6 {[%clk 0:40:56]} 18. Qd3 {[%clk 1:10:06]} Ne7
{[%clk 0:38:50]} 19. Rc2 {[%clk 1:02:18]} O-O {[%clk 0:33:07]} 20. Rfc1
{[%clk 1:02:13]} Rc7 {[%clk 0:32:55]} 21. Ne2 {[%clk 0:55:25]} Rfc8
{[%clk 0:32:22]} 22. Rxc7 {[%clk 0:55:22]} Rxc7 {[%clk 0:32:46]} 23. Rxc7
{[%clk 0:55:05]} Qxc7 {[%clk 0:32:37]} 24. b3 {[%clk 0:55:15]} Qc6
{[%clk 0:28:14]} 25. Qc3 {[%clk 0:54:31]} Qb7 {[%clk 0:20:40]} 26. Qc2
{[%clk 0:49:34]} Ne4 {[%clk 0:17:09]} 27. Be1 {[%clk 0:48:32]} f5
{[%clk 0:15:43]} 28. Nc1 {[%clk 0:48:05]} g5 {[%clk 0:07:16]} 29. fxg5
{[%clk 0:44:13]} Nxg5 {[%clk 0:07:04]} 30. Nd3 {[%clk 0:44:11]} Ne4
{[%clk 0:06:34]} 31. b4 {[%clk 0:38:43]} Kf7 {[%clk 0:03:38]} 32. a3
{[%clk 0:36:45]} Qc6 {[%clk 0:02:08]} 33. Qxc6 {[%clk 0:32:49]} Nxc6
{[%clk 0:02:37]} 34. gxf5 {[%clk 0:32:23]} exf5 {[%clk 0:03:05]} 35. Kf1
{[%clk 0:30:53]} Ke6 {[%clk 0:02:46]} 36. Ke2 {[%clk 0:30:56]} g5
{[%clk 0:02:49]} 37. Bf3 {[%clk 0:25:00]} Nb8 {[%clk 0:01:06]} 38. Kd1
{[%clk 0:23:38]} Nc6 {[%clk 0:00:57]} 39. Ke2 {[%clk 0:23:58]} Nb8
{[%clk 0:01:19]} 40. Kd1 {[%clk 0:54:28]} Nc6 {[%clk 0:30:40]} 1/2-1/2

[Event "World Chess Olympiad 2018"]
[Site "Batumi"]
[Date "2018.09.28"]
[Round "5"]
[Board "3"]
[WhiteFideId "14901625"]
[White "Petrik Tomas"]
[BlackFideId "908630"]
[Black "Makolli Perparim"]
[Result "1/2-1/2"]
[LiveChessVersion "1.4.8"]
[BlackElo "2284"]
[WhiteElo "2481"]

1. e4 {[%clk 1:30:51]} c5 {[%clk 1:30:15]} 2. Nf3 {[%clk 1:31:08]} e6
{[%clk 1:30:23]} 3. d4 {[%clk 1:31:20]} cxd4 {[%clk 1:30:47]} 4. Nxd4
{[%clk 1:31:42]} Nc6 {[%clk 1:31:10]} 5. Nc3 {[%clk 1:30:55]} Qc7
{[%clk 1:31:01]} 6. Be2 {[%clk 1:28:02]} Nf6 {[%clk 1:30:33]} 7. O-O
{[%clk 1:27:12]} a6 {[%clk 1:28:32]} 8. Be3 {[%clk 1:26:04]} Be7 {[%clk 1:23:51]}
9. f4 {[%clk 1:20:48]} d6 {[%clk 1:24:14]} 10. a4 {[%clk 1:18:43]} O-O
{[%clk 1:23:02]} 11. Kh1 {[%clk 1:17:30]} Na5 {[%clk 1:19:07]} 12. Bd3
{[%clk 0:49:41]} Nc4 {[%clk 1:11:48]} 13. Bxc4 {[%clk 0:33:59]} Qxc4
{[%clk 1:11:56]} 14. e5 {[%clk 0:34:19]} Nd5 {[%clk 1:03:44]} 15. Nxd5
{[%clk 0:31:39]} exd5 {[%clk 0:59:13]} 16. Qd2 {[%clk 0:13:27]} Qc7
{[%clk 0:50:24]} 17. Rae1 {[%clk 0:10:05]} dxe5 {[%clk 0:36:18]} 18. fxe5
{[%clk 0:10:29]} Be6 {[%clk 0:36:14]} 19. Bg5 {[%clk 0:08:16]} Bxg5
{[%clk 0:26:55]} 20. Qxg5 {[%clk 0:08:42]} Rae8 {[%clk 0:24:33]} 21. b3
{[%clk 0:06:45]} Bc8 {[%clk 0:22:48]} 22. Re3 {[%clk 0:06:49]} Re7
{[%clk 0:22:00]} 23. Rfe1 {[%clk 0:06:56]} Rfe8 {[%clk 0:22:14]} 24. Rg3
{[%clk 0:02:23]} g6 {[%clk 0:09:46]} 25. Rge3 {[%clk 0:02:49]} Be6
{[%clk 0:09:07]} 26. h3 {[%clk 0:01:54]} Qc5 {[%clk 0:09:09]} 27. Qf4
{[%clk 0:02:11]} Rc7 {[%clk 0:07:50]} 28. R1e2 {[%clk 0:01:54]} Rce7
{[%clk 0:06:09]} 29. Qh4 {[%clk 0:02:02]} Bc8 {[%clk 0:06:07]} 30. Qf4
{[%clk 0:01:26]} Qb4 {[%clk 0:05:45]} 31. Rf2 {[%clk 0:01:08]} Qc5
{[%clk 0:04:23]} 32. Kh2 {[%clk 0:01:16]} Qc7 {[%clk 0:04:10]} 33. Rfe2
{[%clk 0:01:41]} Be6 {[%clk 0:04:17]} 34. Qh4 {[%clk 0:01:36]} Bc8
{[%clk 0:03:34]} 35. Qf4 {[%clk 0:01:34]} Bd7 {[%clk 0:03:49]} 36. Kg1
{[%clk 0:01:16]} Qc5 {[%clk 0:03:19]} 37. Kh1 {[%clk 0:01:33]} Bc8
{[%clk 0:03:09]} 38. Re1 {[%clk 0:01:37]} Bd7 {[%clk 0:02:47]} 39. Rd3
{[%clk 0:01:01]} Qb4 {[%clk 0:02:47]} 40. c3 {[%clk 0:30:38]} Qc5
{[%clk 0:32:45]} 41. Rde3 {[%clk 0:21:33]} Be6 {[%clk 0:28:52]} 42. g4
{[%clk 0:11:31]} Qc8 {[%clk 0:24:56]} 43. Qh6 {[%clk 0:05:44]} Kh8
{[%clk 0:21:38]} 44. Qf4 {[%clk 0:05:05]} Rc7 {[%clk 0:21:50]} 45. Qg3
{[%clk 0:05:15]} Qd8 {[%clk 0:20:34]} 46. h4 {[%clk 0:05:22]} Qd7
{[%clk 0:16:58]} 47. Rg1 {[%clk 0:05:16]} Qe7 {[%clk 0:15:58]} 48. Kh2
{[%clk 0:05:01]} Qf8 {[%clk 0:15:31]} 49. Qf4 {[%clk 0:04:55]} Qg7
{[%clk 0:13:20]} 50. Rf1 {[%clk 0:01:12]} Rd7 {[%clk 0:08:39]} 51. Qg3
{[%clk 0:01:22]} Rde7 {[%clk 0:08:43]} 52. Rf6 {[%clk 0:01:39]} Bc8
{[%clk 0:08:42]} 53. Qf4 {[%clk 0:01:55]} Kg8 {[%clk 0:08:03]} 54. Rf3
{[%clk 0:01:48]} Bd7 {[%clk 0:06:27]} 55. Kg3 {[%clk 0:01:48]} Be6
{[%clk 0:04:26]} 56. Re3 {[%clk 0:00:56]} Rc7 {[%clk 0:04:19]} 57. Rf3
{[%clk 0:01:13]} Rce7 {[%clk 0:04:46]} 58. Nxe6 {[%clk 0:01:04]} Rxe6
{[%clk 0:05:07]} 59. Rxf7 {[%clk 0:01:19]} Qxe5 {[%clk 0:05:17]} 60. Qxe5
{[%clk 0:01:35]} Rxe5 {[%clk 0:05:29]} 61. Rxb7 {[%clk 0:02:00]} Re1
{[%clk 0:04:42]} 62. Rb4 {[%clk 0:00:34]} R8e4 {[%clk 0:04:42]} 63. Rb8+
{[%clk 0:00:37]} Kg7 {[%clk 0:05:10]} 64. Rb7+ {[%clk 0:00:55]} Kg8
{[%clk 0:05:38]} 65. h5 {[%clk 0:00:35]} h6 {[%clk 0:02:47]} 66. Rb8+
{[%clk 0:00:57]} Kg7 {[%clk 0:03:16]} 67. Rb7+ {[%clk 0:01:21]} Kg8
{[%clk 0:03:45]} 68. hxg6 {[%clk 0:01:30]} Rg1+ {[%clk 0:04:14]} 69. Kf2
{[%clk 0:01:29]} Rexg4 {[%clk 0:04:09]} 70. Rd7 {[%clk 0:01:15]} Rb1
{[%clk 0:02:16]} 71. Re3 {[%clk 0:01:19]} Rf4+ {[%clk 0:01:58]} 72. Kg3
{[%clk 0:01:40]} Rf8 {[%clk 0:02:09]} 73. Rxd5 {[%clk 0:01:02]} Rg1+
{[%clk 0:02:38]} 74. Kh2 {[%clk 0:01:00]} Rxg6 {[%clk 0:03:03]} 75. Rg3
{[%clk 0:01:04]} Rxg3 {[%clk 0:02:19]} 76. Kxg3 {[%clk 0:01:32]} Rc8
{[%clk 0:02:40]} 77. c4 {[%clk 0:01:12]} Rb8 {[%clk 0:03:04]} 78. Rd3
{[%clk 0:01:38]} Kf7 {[%clk 0:03:20]} 79. Kf4 {[%clk 0:01:18]} Ke6
{[%clk 0:03:43]} 80. Ke4 {[%clk 0:01:23]} a5 {[%clk 0:04:00]} 81. Kd4
{[%clk 0:00:36]} h5 {[%clk 0:04:17]} 82. Kc5 {[%clk 0:00:45]} h4 {[%clk 0:04:15]}
83. Rh3 {[%clk 0:00:33]} Kd7 {[%clk 0:02:49]} 84. Rxh4 {[%clk 0:00:58]} Rxb3
{[%clk 0:03:15]} 85. Rh7+ {[%clk 0:01:22]} Kc8 {[%clk 0:03:45]} 86. Kc6
{[%clk 0:00:48]} Kb8 {[%clk 0:04:11]} 87. Rh5 {[%clk 0:01:15]} Rb4
{[%clk 0:04:13]} 88. c5 {[%clk 0:00:32]} Rxa4 {[%clk 0:04:30]} 89. Rh8+
{[%clk 0:00:49]} Ka7 {[%clk 0:04:59]} 90. Kc7 {[%clk 0:01:07]} Rg4
{[%clk 0:05:22]} 91. Rh7 {[%clk 0:00:33]} a4 {[%clk 0:05:44]} 92. c6
{[%clk 0:00:51]} a3 {[%clk 0:06:03]} 93. Kd6+ {[%clk 0:00:35]} Ka6
{[%clk 0:05:21]} 94. Rh3 {[%clk 0:00:33]} Rg6+ {[%clk 0:05:43]} 95. Kc5
{[%clk 0:00:34]} Rg5+ {[%clk 0:06:03]} 96. Kd6 {[%clk 0:00:51]} Rg6+
{[%clk 0:06:28]} 97. Kc7 {[%clk 0:01:05]} Rg7+ {[%clk 0:06:57]} 98. Kb8
{[%clk 0:01:16]} Rg8+ {[%clk 0:07:24]} 99. Kc7 {[%clk 0:01:42]} Rg7+
{[%clk 0:07:50]} 100. Kd6 {[%clk 0:01:40]} Rg6+ {[%clk 0:08:19]} 101. Kc7
{[%clk 0:02:00]} Rg7+ {[%clk 0:08:47]} 1/2-1/2

[Event "World Chess Olympiad 2018"]
[Site "Batumi"]
[Date "2018.09.28"]
[Round "5"]
[Board "4"]
[WhiteFideId "22100199"]
[White "Uruci Endrit"]
[BlackFideId "14928752"]
[Black "Gazik Viktor"]
[Result "0-1"]
[LiveChessVersion "1.4.8"]
[BlackElo "2486"]
[WhiteElo "2157"]

1. e4 {[%clk 1:30:47]} Nf6 {[%clk 1:29:26]} 2. e5 {[%clk 1:30:48]} Nd5
{[%clk 1:29:54]} 3. d4 {[%clk 1:31:04]} d6 {[%clk 1:30:09]} 4. Nf3
{[%clk 1:31:10]} g6 {[%clk 1:30:26]} 5. Be2 {[%clk 1:29:56]} Bg7 {[%clk 1:30:43]}
6. c4 {[%clk 1:28:35]} Nb6 {[%clk 1:31:07]} 7. Nc3 {[%clk 1:28:47]} O-O
{[%clk 1:25:06]} 8. O-O {[%clk 1:23:37]} Bg4 {[%clk 1:25:19]} 9. h3
{[%clk 1:23:38]} Bxf3 {[%clk 1:24:57]} 10. Bxf3 {[%clk 1:24:03]} Nc6
{[%clk 1:22:08]} 11. Bxc6 {[%clk 1:22:36]} bxc6 {[%clk 1:22:35]} 12. exd6
{[%clk 1:22:49]} cxd6 {[%clk 1:22:20]} 13. Qd3 {[%clk 1:16:35]} d5
{[%clk 0:55:31]} 14. c5 {[%clk 1:13:34]} Nd7 {[%clk 0:54:59]} 15. f4
{[%clk 1:08:06]} a5 {[%clk 0:50:11]} 16. Bd2 {[%clk 0:57:19]} e6 {[%clk 0:47:46]}
17. Na4 {[%clk 0:52:53]} Qf6 {[%clk 0:31:59]} 18. Bc3 {[%clk 0:50:54]} Rfb8
{[%clk 0:31:57]} 19. Rad1 {[%clk 0:49:26]} Ra7 {[%clk 0:32:09]} 20. Qd2
{[%clk 0:49:07]} Qd8 {[%clk 0:31:06]} 21. b3 {[%clk 0:43:43]} Rb5
{[%clk 0:24:32]} 22. Qe3 {[%clk 0:37:42]} Qf8 {[%clk 0:23:14]} 23. Be1
{[%clk 0:34:28]} Bf6 {[%clk 0:22:51]} 24. g4 {[%clk 0:33:01]} Rb8
{[%clk 0:21:16]} 25. Bg3 {[%clk 0:30:49]} Re8 {[%clk 0:19:44]} 26. Nc3
{[%clk 0:28:35]} Bd8 {[%clk 0:17:26]} 27. g5 {[%clk 0:27:04]} Bc7
{[%clk 0:14:01]} 28. Rde1 {[%clk 0:24:01]} Raa8 {[%clk 0:12:41]} 29. Kg2
{[%clk 0:19:03]} Rad8 {[%clk 0:08:46]} 30. Qd3 {[%clk 0:15:18]} Qg7
{[%clk 0:07:21]} 31. f5 {[%clk 0:12:20]} Bxg3 {[%clk 0:07:49]} 32. f6
{[%clk 0:12:13]} Qf8 {[%clk 0:08:17]} 33. Qxg3 {[%clk 0:11:33]} e5
{[%clk 0:08:45]} 34. dxe5 {[%clk 0:09:34]} Nxc5 {[%clk 0:09:04]} 35. Rf2
{[%clk 0:08:30]} h5 {[%clk 0:06:03]} 36. Rd2 {[%clk 0:06:42]} Rb8
{[%clk 0:05:52]} 37. Rd4 {[%clk 0:05:44]} Rb4 {[%clk 0:03:26]} 38. Red1
{[%clk 0:03:34]} Ne6 {[%clk 0:03:55]} 39. Rxb4 {[%clk 0:02:38]} Qxb4
{[%clk 0:04:24]} 40. Rf1 {[%clk 0:32:33]} h4 {[%clk 0:31:05]} 41. Qf3
{[%clk 0:26:38]} Qd4 {[%clk 0:19:46]} 42. Re1 {[%clk 0:17:45]} Nf4+
{[%clk 0:15:47]} 43. Kh1 {[%clk 0:16:32]} Nd3 {[%clk 0:12:03]} 44. Re3
{[%clk 0:11:32]} Qxc3 {[%clk 0:12:24]} 45. Rxd3 {[%clk 0:09:50]} Qe1+
{[%clk 0:12:47]} 46. Kg2 {[%clk 0:09:39]} Rxe5 {[%clk 0:13:02]} 47. Qd1
{[%clk 0:09:07]} Re2+ {[%clk 0:13:10]} 0-1

[Event "World Chess Olympiad 2018"]
[Site "Batumi"]
[Date "2018.09.28"]
[Round "5"]
[Board "1"]
[WhiteFideId "4692055"]
[White "Bogner Sebastian"]
[BlackFideId "3507416"]
[Black "Bacallao Alonso Yusnel"]
[Result "1-0"]
[LiveChessVersion "1.4.8"]
[BlackElo "2588"]
[WhiteElo "2619"]

1. c4 {[%clk 1:30:57]} Nf6 {[%clk 1:30:44]} 2. Nc3 {[%clk 1:31:22]} e6
{[%clk 1:31:05]} 3. d4 {[%clk 1:31:23]} Bb4 {[%clk 1:31:28]} 4. Qc2
{[%clk 1:31:49]} d5 {[%clk 1:31:32]} 5. cxd5 {[%clk 1:31:44]} Qxd5
{[%clk 1:31:56]} 6. Nf3 {[%clk 1:31:18]} Qf5 {[%clk 1:32:17]} 7. Qb3
{[%clk 1:30:58]} Nc6 {[%clk 1:32:23]} 8. Bd2 {[%clk 1:30:23]} O-O
{[%clk 1:31:28]} 9. h3 {[%clk 1:29:43]} Bxc3 {[%clk 1:26:03]} 10. Bxc3
{[%clk 1:24:57]} e5 {[%clk 1:19:40]} 11. dxe5 {[%clk 1:15:38]} Ne4
{[%clk 1:20:02]} 12. g4 {[%clk 1:13:29]} Qe6 {[%clk 1:12:46]} 13. Bg2
{[%clk 1:08:43]} Re8 {[%clk 1:03:14]} 14. Qxe6 {[%clk 0:40:27]} Bxe6
{[%clk 1:03:24]} 15. Nd4 {[%clk 0:40:42]} Nxc3 {[%clk 0:58:09]} 16. bxc3
{[%clk 0:40:08]} Nxe5 {[%clk 0:56:32]} 17. Nxe6 {[%clk 0:40:34]} Rxe6
{[%clk 0:55:46]} 18. Bxb7 {[%clk 0:40:59]} Rb8 {[%clk 0:50:34]} 19. Be4
{[%clk 0:32:32]} g6 {[%clk 0:46:42]} 20. f3 {[%clk 0:32:22]} Rb2 {[%clk 0:46:20]}
21. Kf2 {[%clk 0:32:25]} Nd7 {[%clk 0:42:20]} 22. Rhb1 {[%clk 0:30:22]} Rbb6
{[%clk 0:42:10]} 23. Rb4 {[%clk 0:26:22]} Nf6 {[%clk 0:38:42]} 24. Bd3
{[%clk 0:22:38]} Nd5 {[%clk 0:37:58]} 25. Rc4 {[%clk 0:18:03]} Rb2
{[%clk 0:36:18]} 26. h4 {[%clk 0:18:29]} h6 {[%clk 0:35:51]} 27. a4
{[%clk 0:17:58]} c6 {[%clk 0:34:48]} 28. g5 {[%clk 0:14:27]} hxg5
{[%clk 0:35:03]} 29. hxg5 {[%clk 0:14:53]} a5 {[%clk 0:29:57]} 30. Rh1
{[%clk 0:12:38]} Kg7 {[%clk 0:24:41]} 31. Rhh4 {[%clk 0:09:07]} Rb3
{[%clk 0:23:39]} 32. Rc5 {[%clk 0:09:17]} Rxc3 {[%clk 0:22:19]} 33. Rxa5
{[%clk 0:09:34]} Re5 {[%clk 0:22:06]} 34. Rc4 {[%clk 0:08:38]} Ra3
{[%clk 0:21:15]} 35. Rxc6 {[%clk 0:08:33]} Rxg5 {[%clk 0:20:04]} 36. Rcc5
{[%clk 0:09:00]} 1-0

[Event "World Chess Olympiad 2018"]
[Site "Batumi"]
[Date "2018.09.28"]
[Round "5"]
[Board "2"]
[WhiteFideId "3503321"]
[White "Gonzalez Vidal Yuri"]
[BlackFideId "1301837"]
[Black "Pelletier Yannick"]
[Result "0-1"]
[LiveChessVersion "1.4.8"]
[BlackElo "2544"]
[WhiteElo "2566"]

1. e4 {[%clk 1:30:56]} e6 {[%clk 1:30:49]} 2. d4 {[%clk 1:31:14]} d5
{[%clk 1:31:12]} 3. Nd2 {[%clk 1:31:32]} c5 {[%clk 1:31:06]} 4. Ngf3
{[%clk 1:31:43]} cxd4 {[%clk 1:31:07]} 5. exd5 {[%clk 1:31:21]} Qxd5
{[%clk 1:31:26]} 6. Bc4 {[%clk 1:31:30]} Qd7 {[%clk 1:31:47]} 7. O-O
{[%clk 1:30:36]} Nc6 {[%clk 1:31:36]} 8. Nb3 {[%clk 1:30:07]} a6 {[%clk 1:31:24]}
9. Nbxd4 {[%clk 1:09:54]} Nxd4 {[%clk 1:31:45]} 10. Nxd4 {[%clk 1:10:11]} Bc5
{[%clk 1:31:31]} 11. Be3 {[%clk 1:05:11]} Nf6 {[%clk 1:29:40]} 12. Qf3
{[%clk 0:39:25]} Bxd4 {[%clk 1:21:08]} 13. Rad1 {[%clk 0:39:29]} e5
{[%clk 1:20:11]} 14. Bxd4 {[%clk 0:38:53]} exd4 {[%clk 1:20:37]} 15. Rfe1+
{[%clk 0:39:09]} Kd8 {[%clk 1:21:02]} 16. Qg3 {[%clk 0:36:05]} Re8
{[%clk 1:11:19]} 17. Qxg7 {[%clk 0:32:59]} Rxe1+ {[%clk 1:01:01]} 18. Rxe1
{[%clk 0:33:23]} Qd6 {[%clk 0:57:08]} 19. Bxf7 {[%clk 0:07:09]} Bd7
{[%clk 0:45:54]} 20. Rd1 {[%clk 0:01:53]} Kc7 {[%clk 0:34:51]} 21. h3
{[%clk 0:02:12]} Qe5 {[%clk 0:23:28]} 22. Qg3 {[%clk 0:02:26]} Qxg3
{[%clk 0:23:12]} 23. fxg3 {[%clk 0:02:52]} Rf8 {[%clk 0:22:24]} 24. Bc4
{[%clk 0:03:00]} Kd6 {[%clk 0:16:48]} 25. Rxd4+ {[%clk 0:03:05]} Ke5
{[%clk 0:17:16]} 26. c3 {[%clk 0:02:00]} Bc6 {[%clk 0:14:04]} 27. Be2
{[%clk 0:01:44]} Ne4 {[%clk 0:13:21]} 28. g4 {[%clk 0:02:09]} Ng5
{[%clk 0:12:49]} 29. h4 {[%clk 0:00:51]} Ne6 {[%clk 0:13:04]} 30. Rd3
{[%clk 0:00:50]} Nc5 {[%clk 0:09:46]} 31. Re3+ {[%clk 0:00:45]} Kf4
{[%clk 0:09:40]} 32. Re7 {[%clk 0:01:10]} Re8 {[%clk 0:09:28]} 33. Rf7+
{[%clk 0:00:34]} Kg3 {[%clk 0:09:05]} 34. Kf1 {[%clk 0:00:41]} Bd5
{[%clk 0:01:49]} 35. Rc7 {[%clk 0:00:35]} Bxg2+ {[%clk 0:02:02]} 36. Ke1
{[%clk 0:00:55]} Bf3 {[%clk 0:02:18]} 0-1

[Event "World Chess Olympiad 2018"]
[Site "Batumi"]
[Date "2018.09.28"]
[Round "5"]
[Board "3"]
[WhiteFideId "1319620"]
[White "Studer Noel"]
[BlackFideId "3507165"]
[Black "Ortiz Suarez Isan Reynaldo"]
[Result "1/2-1/2"]
[LiveChessVersion "1.4.8"]
[BlackElo "2527"]
[WhiteElo "2484"]

1. e4 {[%clk 1:30:57]} c5 {[%clk 1:30:51]} 2. Nc3 {[%clk 1:31:23]} d6
{[%clk 1:31:02]} 3. d4 {[%clk 1:31:48]} cxd4 {[%clk 1:31:28]} 4. Qxd4
{[%clk 1:32:15]} Nc6 {[%clk 1:31:52]} 5. Qd2 {[%clk 1:32:42]} g6 {[%clk 1:30:57]}
6. b3 {[%clk 1:33:06]} Bh6 {[%clk 1:30:59]} 7. f4 {[%clk 1:33:32]} Nf6
{[%clk 1:31:09]} 8. Bb2 {[%clk 1:33:26]} O-O {[%clk 1:31:14]} 9. O-O-O
{[%clk 1:33:34]} a5 {[%clk 1:31:39]} 10. a4 {[%clk 1:33:29]} Bg4 {[%clk 1:23:34]}
11. Be2 {[%clk 1:12:45]} Bxe2 {[%clk 1:07:04]} 12. Ngxe2 {[%clk 1:12:10]} Nb4
{[%clk 1:07:22]} 13. Kb1 {[%clk 0:56:16]} Rc8 {[%clk 1:06:30]} 14. Nd4
{[%clk 0:54:57]} Qb6 {[%clk 0:57:56]} 15. g4 {[%clk 0:54:32]} e5 {[%clk 0:49:43]}
16. g5 {[%clk 0:49:51]} exd4 {[%clk 0:46:30]} 17. Qxd4 {[%clk 0:49:19]} Qxd4
{[%clk 0:46:15]} 18. Rxd4 {[%clk 0:49:46]} Bg7 {[%clk 0:46:39]} 19. gxf6
{[%clk 0:50:12]} Bxf6 {[%clk 0:47:06]} 20. Nd5 {[%clk 0:50:37]} Bxd4
{[%clk 0:41:17]} 21. Ne7+ {[%clk 0:50:56]} Kg7 {[%clk 0:41:39]} 22. Bxd4+
{[%clk 0:51:21]} f6 {[%clk 0:41:54]} 23. Nxc8 {[%clk 0:49:23]} Rxc8
{[%clk 0:42:20]} 24. Rc1 {[%clk 0:33:58]} Re8 {[%clk 0:41:15]} 25. Re1
{[%clk 0:32:45]} Kf7 {[%clk 0:40:14]} 26. Bb6 {[%clk 0:29:07]} d5
{[%clk 0:35:42]} 27. e5 {[%clk 0:16:04]} Nc6 {[%clk 0:35:16]} 28. c3
{[%clk 0:15:50]} fxe5 {[%clk 0:31:31]} 29. fxe5 {[%clk 0:16:16]} Ke6
{[%clk 0:31:54]} 30. Bc5 {[%clk 0:10:33]} g5 {[%clk 0:25:07]} 31. Bd6
{[%clk 0:06:52]} Rg8 {[%clk 0:25:31]} 32. b4 {[%clk 0:01:04]} axb4
{[%clk 0:24:43]} 33. cxb4 {[%clk 0:01:31]} g4 {[%clk 0:24:37]} 34. b5
{[%clk 0:00:53]} Nd4 {[%clk 0:24:54]} 35. Rc1 {[%clk 0:01:20]} Rg7
{[%clk 0:17:19]} 36. Rc8 {[%clk 0:01:17]} h5 {[%clk 0:13:39]} 37. Rh8
{[%clk 0:00:49]} Nf5 {[%clk 0:13:52]} 38. Rxh5 {[%clk 0:00:56]} Nxd6
{[%clk 0:14:16]} 39. exd6 {[%clk 0:01:22]} Kxd6 {[%clk 0:14:43]} 40. a5
{[%clk 0:31:05]} Kc5 {[%clk 0:44:35]} 41. b6 {[%clk 0:09:48]} Kc4
{[%clk 0:38:07]} 42. Rh8 {[%clk 0:06:17]} Kb5 {[%clk 0:35:36]} 43. Rd8
{[%clk 0:06:22]} Kxa5 {[%clk 0:34:18]} 44. Rxd5+ {[%clk 0:06:49]} Kxb6
{[%clk 0:34:43]} 45. Rd3 {[%clk 0:07:12]} Rh7 {[%clk 0:32:04]} 46. Rd4
{[%clk 0:07:38]} Rh4 {[%clk 0:31:10]} 47. h3 {[%clk 0:08:02]} Rxh3
{[%clk 0:31:36]} 48. Rxg4 {[%clk 0:08:29]} Kc5 {[%clk 0:32:01]} 49. Kb2
{[%clk 0:08:55]} b5 {[%clk 0:32:26]} 50. Rf4 {[%clk 0:09:20]} b4 {[%clk 0:32:36]}
51. Rf8 {[%clk 0:09:45]} 1/2-1/2